Biografi Tan Sri Dato' Seri Ahmad Sarji bin Abdul Hamid (Record no. 1990)

000 -LEADER
fixed length control field nam a22 a 4500
003 - CONTROL NUMBER IDENTIFIER
control field AKMAL
005 - DATE AND TIME OF LATEST TRANSACTION
control field 20170512161057.0
008 - FIXED-LENGTH DATA ELEMENTS--GENERAL INFORMATION
fixed length control field 170512s2002 myw 00 may d
020 ## - INTERNATIONAL STANDARD BOOK NUMBER
International Standard Book Number 9679120619 (kkt.)
Terms of availability Percuma
039 #9 - LEVEL OF BIBLIOGRAPHIC CONTROL AND CODING DETAIL [OBSOLETE]
Level of rules in bibliographic description 201205311421
Level of effort used to assign nonsubject heading access points azwani_m
040 ## - CATALOGING SOURCE
Original cataloging agency AKMAL
Transcribing agency AKMAL
043 ## - GEOGRAPHIC AREA CODE
Geographic area code a-my---
049 00 - LOCAL HOLDINGS (OCLC)
Holding library mal
082 04 - DEWEY DECIMAL CLASSIFICATION NUMBER
Classification number 351.595 PER
Edition number 21
090 00 - LOCALLY ASSIGNED LC-TYPE CALL NUMBER (OCLC); LOCAL CALL NUMBER (RLIN)
Classification number (OCLC) (R) ; Classification number, CALL (RLIN) (NR) 351.595
Local cutter number (OCLC) ; Book number/undivided call number, CALL (RLIN) PER
245 00 - TITLE STATEMENT
Title Biografi Tan Sri Dato' Seri Ahmad Sarji bin Abdul Hamid
260 ## - PUBLICATION, DISTRIBUTION, ETC.
Place of publication, distribution, etc. Kuala Lumpur :
Name of publisher, distributor, etc. Arkib Negara Malaysia,
Date of publication, distribution, etc. 2002
300 00 - PHYSICAL DESCRIPTION
Extent v, 41ms. :
Other physical details il. ;
Dimensions 21cm
440 #0 - SERIES STATEMENT/ADDED ENTRY--TITLE
Title Siri penulisan biografi tokoh-tokoh perkhidmatan awam ;
Volume/sequential designation bil. 1
9 (RLIN) 4120
600 00 - SUBJECT ADDED ENTRY--PERSONAL NAME
Personal name Ahmad Sarji bin Abdul Hamid,
Titles and other words associated with a name Tan Sri Dato' Seri,
Dates associated with a name 1938-
General subdivision Biography
9 (RLIN) 4121
650 #0 - SUBJECT ADDED ENTRY--TOPICAL TERM
Topical term or geographic name entry element Public administration
Form subdivision Biography
9 (RLIN) 4122
650 #0 - SUBJECT ADDED ENTRY--TOPICAL TERM
Topical term or geographic name entry element Civil service
Geographic subdivision Malaysia
9 (RLIN) 420
650 #0 - SUBJECT ADDED ENTRY--TOPICAL TERM
Topical term or geographic name entry element Public officers
Form subdivision Biography
9 (RLIN) 4123
856 41 - ELECTRONIC LOCATION AND ACCESS
Uniform Resource Identifier <a href="ftp://tag856.pnm.gov.my/tag856/buku/9679120619.pdf">ftp://tag856.pnm.gov.my/tag856/buku/9679120619.pdf</a>
Link text Electronic Resource
942 ## - ADDED ENTRY ELEMENTS (KOHA)
Source of classification or shelving scheme
Koha item type Book
Holdings
Withdrawn status Lost status Source of classification or shelving scheme Damaged status Not for loan Collection code Home library Current library Date acquired Inventory number Total Checkouts Full call number Barcode Date last seen Price effective from Koha item type
          NON-FICTION AKMAL Melaka AKMAL Melaka 12.05.2017 305938   351.595 PER 201705942 12.05.2017 12.05.2017 Book
          NON-FICTION AKMAL Melaka AKMAL Melaka 12.05.2017 305939   351.595 PER 201705943 12.05.2017 12.05.2017 Book
Pusat Sumber Maklumat Dato' Haji Sarmin Md Hussin, Akademi Kastam Diraja Malaysia, Melaka
Tel: 06-2331106 | Faks: 06-2313787